Central Library OPAC University of Rajshahi

Growth of Public Opinion in India : (Record no. 1868)

MARC details
000 -LEADER
fixed length control field 00667nam a22002297a 4500
001 - CONTROL NUMBER
control field 1868
003 - CONTROL NUMBER IDENTIFIER
rucl marc code BD-RjUL
005 - DATE AND TIME OF LATEST TRANSACTION
control field 20211208233429.0
008 - FIXED-LENGTH DATA ELEMENTS--GENERAL INFORMATION
fixed length control field 160730s1989 ii |||| |||| 001 0 eng d
020 ## - INTERNATIONAL STANDARD BOOK NUMBER
International Standard Book Number 818510994x
035 ## - SYSTEM CONTROL NUMBER
System control number (BD-RjUL)1895
040 ## - CATALOGING SOURCE
Original cataloging agency BD-RjUL
Language of cataloging eng
Transcribing agency BD-RjUL
041 ## - LANGUAGE CODE
Language code of text/sound track or separate title eng
082 ## - DEWEY DECIMAL CLASSIFICATION NUMBER
Classification number 301.1540954
Author mark and year GRO 1989
245 10 - TITLE STATEMENT
Title Growth of Public Opinion in India :
Remainder of title 19th and Early 20th Cenyuries /
Statement of responsibility, etc. Edtied by Nisith Ranjan Ray
260 ## - PUBLICATION, DISTRIBUTION, ETC. (IMPRINT)
Place of publication, distribution, etc. Calcutta :
Name of publisher, distributor, etc. Naya Prokash,
Date of publication, distribution, etc. c1989
300 ## - PHYSICAL DESCRIPTION
Pagination 287p. ;
Size 21cm.
504 ## - BIBLIOGRAPHY, ETC. NOTE
Bibliography, etc Includes index
650 #7 - SUBJECT ADDED ENTRY--TOPICAL TERM
Source of heading or term SLSH
Topical term or geographic name as entry element Public Opinion
9 (RLIN) 3137
700 ## - ADDED ENTRY--PERSONAL NAME
Personal name Ray, Nisith Ranjan ed.
942 ## - ADDED ENTRY ELEMENTS (KOHA)
Source of classification or shelving scheme Dewey Decimal Classification
Koha item type Books
Holdings
Lost status Source of classification or shelving scheme Damaged status Not for loan Collection code Permanent Location Current Location Shelving location Date acquired Source of acquisition Cost, normal purchase price Total Checkouts Full call number Date last seen Copy number Koha item type
  Dewey Decimal Classification   Not For Loan Non-fiction Central Library, University of Rajshahi Central Library, University of Rajshahi Reading Room 30/07/1996 Ankur Prakaskani 190.00   301.1540954 GRO 1989 09/12/2013 C-1 Books
  Dewey Decimal Classification     Non-fiction Central Library, University of Rajshahi Central Library, University of Rajshahi   28/02/2006 Dhaka, Paragon ent. Ltd. 190.00   301.1540954 GRO 1989 11/05/2014 C-5 Books
  Dewey Decimal Classification     Non-fiction Central Library, University of Rajshahi Central Library, University of Rajshahi   07/03/1998 Alighar Lib., Dhaka 190.00   301.1540954 GRO 11/05/2014 C-3 Books
  Dewey Decimal Classification     Non-fiction Central Library, University of Rajshahi Central Library, University of Rajshahi   28/02/2006 Paragon 190.00   301.1540954 GRO 1989 20/08/2014 C-2 Books
  Dewey Decimal Classification     Non-fiction Central Library, University of Rajshahi Central Library, University of Rajshahi   30/07/1996 Ankur Prakaskani 190.00   301.1540954 GRO 1989 03/08/2016 C-4 Books